[Event "6th Cattolica Open 2019"]
[Site "Cattolica"]
[Date "2019.06.14"]
[Round "9.2"]
[White "Repka, Christopher"]
[Black "Barseghyan, Harutyun"]
[Result "1/2-1/2"]
[WhiteElo "2482"]
[BlackElo "2495"]
[Annotator "ChessBase"]
[PlyCount "40"]
[EventDate "2019.06.08"]
[EventType "swiss"]
[EventCountry "ITA"]
[SourceTitle "playchess.com"]
[Source "ChessBase"]
[SourceQuality "1"]
[TimeControl "40/5400+30:900+30"]

1. d4 {[%emt 0:07:07]} Nf6 {[%emt 0:00:00]} 2. c4 {[%emt 0:00:06]} e6 {[%emt 0:00:39]} 3. Nc3 {[%emt 0:00:17]} Bb4 {[%emt 0:00:37]} 4. Qc2 {[%emt 0:01:08]} O-O {[%emt 0:02:06]} 5. a3 {[%emt 0:00:03]} Bxc3+ {[%emt 0:00:07]} 6. Qxc3 {[%emt 0:00:03]} d5 {[%emt 0:00:53]} 7. Bg5 {[%emt 0:03:58]} dxc4 {[%emt 0:02:57]} 8. Qxc4 {[%emt 0:00:03]} b6 {[%emt 0:00:07]} 9. Nf3 {[%emt 0:00:38]} Ba6 {[%emt 0:02:04]} 10. Qa4 {[%emt 0:01:36]} c5 {[%emt 0:03:52]} 11. dxc5 {[%emt 0:05:10]} bxc5 {[%emt 0:01:34]} 12. Rd1 {[%emt 0:00:09]} Qb6 {[%emt 0:01:59]} 13. Bxf6 {[%emt 0:00:13]} gxf6 {[%emt 0:00:11]} 14. Rd2 {[%emt 0:00:02]} Nc6 {[%emt 0:01:38]} 15. Qg4+ {[%emt 0:05:25]} Kh8 {[%emt 0:00:42]} 16. Qh4 {[%emt 0:01:38]} Kg7 {[%emt 0:00:18]} 17. Qg3+ {[%emt 0:00:22]} Kh8 {[%emt 0:00:19]} 18. Qh4 {[%emt 0:00:14]} Kg7 {[%emt 0:00:11]} 19. Qg4+ {[%emt 0:05:48]} Kh8 {[%emt 0:00:36]} 20. Qh4 {[%emt 0:00:10]} Kg7 {[%emt 1:19:10]} 1/2-1/2

[Event "6th Cattolica Open 2019"]
[Site "Cattolica"]
[Date "2019.06.14"]
[Round "9.3"]
[White "Dreev, Aleksey"]
[Black "Kharitonov, Alexandr"]
[Result "1/2-1/2"]
[WhiteElo "2657"]
[BlackElo "2547"]
[Annotator "TA"]
[PlyCount "104"]
[EventDate "2019.06.08"]
[EventType "swiss"]
[EventCountry "ITA"]
[SourceTitle "playchess.com"]
[Source "ChessBase"]
[SourceQuality "1"]

{[%evp 9,104,22,39,39,32,26,24,30,48,0,1,0,24,13,20,13,26,0,0,0,0,0,11,0,0,0,0,0,0,0,0,0,10,14,11,14,54,29,23,17,102,100,81,59,75,22,99,81,106,31,101,72,75,97,81,55,55,52,43,0,29,0,38,38,49,39,76,41,107,101,96,100,599,599,471,27,89,62,231,231,216,149,178,0,0,0,0,0,0,0,0,0,0,0,0,0,0]} 1. d4 Nf6 2. Nf3 e6 3. c4 a6 4. Bg5 c5 5. e3 (5. Nc3 cxd4 6. Nxd4 Nc6 7. e3 h6 8. Bh4 Qb6 9. Qd2 Be7 10. Be2 O-O 11. O-O Rd8 12. Rfd1 d6 13. Nb3 a5 14. Rac1 a4 {½-½ (150) Stupak,K (2583)-Vitiugov,N (2726) Batumi 2018}) 5... h6 6. Bxf6 {E10: Blumenfeld Gambit} Qxf6 7. Nc3 cxd4 8. exd4 {White has an edge.} Bb4 9. Rc1 $146 ({Predecessor:} 9. Be2 Bxc3+ 10. bxc3 d6 11. Qa4+ Nd7 12. O-O Qd8 {1-0 (30) Chernin,A (2495)-Trepp,M (2355) Luzern 1985}) 9... O-O 10. Be2 d6 11. O-O Bxc3 12. Rxc3 b6 13. Nd2 Bb7 14. Bf3 Bxf3 15. Nxf3 Nd7 16. Qe2 Rfc8 17. Rfc1 Qd8 18. Nd2 Nf6 19. b4 Rc7 20. h3 Qc8 21. a3 Qb7 22. Rf3 b5 23. c5 (23. Rxf6 $5 gxf6 24. Qg4+ Kf8 25. Qf4 $11) 23... Qd5 24. Qe3 Rd8 (24... dxc5 $11 25. dxc5 Rd8 26. Rxf6 Qxd2) 25. Rxf6 $1 $16 gxf6 26. Ne4 {[%mdl 64] Double Attack} Qf5 $1 27. Nxd6 (27. Re1 $16 Qg6 28. Qf4) 27... Qg6 (27... Qg5 $11 28. Rf1 Qxe3 29. fxe3 f5) 28. Rc3 {[%mdl 1024] White has strong compensation.} Kh7 29. Kh2 ({White should try} 29. d5 $1 $16) 29... Rg8 ({Better is} 29... Qg5 $14) 30. Qf3 f5 31. g3 Qf6 32. Qf4 Qg5 33. Qe5 Qg7 34. Qf4 Qg5 35. Qe5 Qg7 $1 36. Qe3 Qf6 37. Rd3 Rd8 38. Qf3 Kg6 (38... Rcd7 $14) 39. g4 Rcd7 {[#]} 40. Qf4 $1 fxg4 $2 {[%mdl 8192]} (40... Kg7 $16 {is tougher.}) 41. Qxg4+ $18 Kh7 {[#]} 42. Rf3 $2 ({White has to play} 42. Ne4 $1 $18 {[%cal Re4f6]} Qh8 43. Qh4) 42... Qg6 (42... Qg7 $1 $11 {remains equal.}) 43. Qf4 {Hoping for Rg3.} Rg8 $2 ({Black should play} 43... Qg5 $1 $14) 44. Rg3 Qc2 45. Ne4 {Nf6+! would kill now.} Rxg3 46. Nf6+ $2 (46. Kxg3 $18 {Threatens to win with Nf6+.} Ra7 47. Nf6+ Kg7 48. Ng4) 46... Kg7 $11 {The position is equal.} 47. Nh5+ Kf8 48. Qxh6+ {[#]} Ke7 $1 49. Qf6+ Kf8 50. Qh6+ {[#]} Ke7 $1 51. Qf6+ Kf8 {And now ...Rg6 would win.} 52. Qh6+ {[#]} Ke7 $1 {Accuracy: White = 55%, Black = 46%.} 1/2-1/2

[Event "6th Cattolica Open 2019"]
[Site "Cattolica"]
[Date "2019.06.14"]
[Round "9.4"]
[White "Yankelevich, Lev"]
[Black "Mareco, Sandro"]
[Result "1/2-1/2"]
[WhiteElo "2484"]
[BlackElo "2643"]
[Annotator "TA"]
[PlyCount "100"]
[EventDate "2019.06.08"]
[EventType "swiss"]
[EventCountry "ITA"]
[SourceTitle "playchess.com"]
[Source "ChessBase"]
[SourceQuality "1"]

{[%evp 16,100,25,25,58,52,49,54,52,40,70,83,74,50,58,49,264,254,249,272,271,275,268,258,261,257,231,234,256,216,343,315,346,327,332,196,425,178,162,185,179,173,193,156,149,8,16,0,0,-309,-305,-466,-520,-504,-494,-458,-437,-389,-441,-455,-472,-428,-445,-424,-8,-8,-8,-8,-8,-8,0,0,0,0,0,0,0,0,0,12,9,-8,0,0,0,-1,0]} 1. d4 Nf6 2. c4 g6 3. Nc3 d5 4. Nf3 Bg7 5. cxd5 Nxd5 6. e4 Nxc3 7. bxc3 c5 8. Be3 O-O 9. Be2 Nd7 {D85: Exchange Grünfeld: Unusual White 7th moves and lines with 7 Nf3} (9... b6 10. Rc1 e6 11. O-O Bb7 12. Qd3 Nd7 13. Bg5 {½-½ (13) Yu,Y (2764)-Artemiev,V (2709) St Petersburg 2018}) 10. O-O b6 11. e5 Bb7 $146 {White is slightly better.} ({Predecessor:} 11... e6 12. Ng5 Bb7 13. Bf3 Qc7 14. Re1 Rad8 15. Qe2 Qb8 16. Rab1 Qa8 17. Bxb7 Qxb7 18. f3 {1-0 (46) Singh,D (2368)-Gopal,G (2327) Hyderabad 2005}) 12. h4 Rc8 13. h5 Bd5 14. Ng5 (14. Bd3 {with more complications.} cxd4 15. cxd4 Bxf3 16. gxf3 e6 17. h6) 14... cxd4 15. cxd4 f6 $2 {[#]} (15... h6 $14) 16. Nxh7 $1 $18 {[%mdl 512]} Kxh7 17. hxg6+ Kxg6 {aiming for ...Rh8.} 18. Bd3+ f5 {With the idea ...e6.} 19. Qg4+ $1 Kh7 {Threatening ...e6.} 20. Bxf5+ Rxf5 21. Qxf5+ Kg8 22. Rfc1 Rc4 (22... Qe8 $142 23. Rxc8 Qxc8) 23. Rxc4 Bxc4 24. Rc1 b5 {[#]} 25. a4 $1 {[%mdl 512]} a6 $2 (25... Nf8 26. axb5 Bxb5) (25... bxa4 26. Rxc4) 26. Qg6 (26. Qg4 $142 Kh7 27. Rc3) 26... Qb6 27. Qe8+ {[%mdl 64] Double Attack} Nf8 28. Qxe7 Qg6 29. axb5 axb5 30. Bg5 (30. Qg5 $16) 30... Ne6 $11 31. Be3 Bd5 $40 {[%csl Gd5][%cal Rg6g2][%mdl 128] Black attacks.} 32. g3 $2 {[%mdl 8192]} (32. f3 $11) 32... Bf8 $1 $19 {[%cal Rf8e7]} (32... Qe4 33. Kf1 $17) 33. Qf6 (33. Qh4 {was forced.}) 33... Qe4 {[%csl Gd5][%cal Re4h1]} 34. Kf1 Qd3+ 35. Kg1 b4 $1 {[%cal Bb5b4,Bb4b3][%mdl 32]} (35... Qe4 36. Kf1 $19) 36. Bh6 {[#]} ({Of course not} 36. Qh4 b3) 36... b3 $1 {[%cal Rb3b2]} 37. Kh2 {Rc8! would kill now.} ({But not} 37. Bxf8 $2 b2) 37... Bxh6 {[%mdl 64] Overworked Piece} 38. Qxh6 {Intending Rc8+ and mate.} Qf5 {( -> ...b2)} 39. Qf6 {[#]} Qh5+ $2 (39... Qxf6 $1 $19 40. exf6 Kf7) 40. Qh4 $11 {The position is equal.} Qxh4+ 41. gxh4 Kf7 {White should prevent ...Nf4.} 42. Rc8 Nxd4 43. Rb8 Ke6 44. h5 Kf5 45. h6 {And now h7 would win.} Kg6 46. Rb4 Nf5 47. Rb6+ Kh7 48. Rb5 Bc4 ({Don't blunder} 48... Kxh6 $2 49. Rxd5 Kg6 50. Kg2 $18) 49. Rb4 Bg8 50. Kg1 Kxh6 {Accuracy: White = 71%, Black = 53%.} 1/2-1/2

[Event "6th Cattolica Open 2019"]
[Site "Cattolica"]
[Date "2019.06.14"]
[Round "9.5"]
[White "Arjun Kalyan"]
[Black "Fedorchuk, Sergey A."]
[Result "0-1"]
[WhiteElo "2484"]
[BlackElo "2631"]
[Annotator "RC"]
[PlyCount "86"]
[EventDate "2019.06.08"]
[EventType "swiss"]
[EventCountry "ITA"]
[SourceTitle "playchess.com"]
[Source "ChessBase"]
[SourceQuality "1"]
[TimeControl "40/5400+30:900+30"]

1. e4 {[%emt 0:00:18]} c5 {[%emt 0:00:00]} 2. Nf3 {[%emt 0:00:21]} e6 {[%emt 0:00:20]} 3. d4 {[%emt 0:00:12]} cxd4 {[%emt 0:00:19]} 4. Nxd4 {[%emt 0:00:09]} Nc6 {[%emt 0:00:38]} 5. Nc3 {[%emt 0:00:11]} a6 {[%emt 0:01:25]} 6. g3 {[%emt 0:00:42]} d6 {[%emt 0:02:00]} 7. Bg2 {[%emt 0:01:31]} Bd7 {[%emt 0:00:59]} 8. O-O {[%emt 0:01:43]} Be7 {[%emt 0:00:41]} 9. f4 {[%emt 0:06:55]} Nf6 {[%emt 0:05:15]} 10. Be3 {[%emt 0:01:25]} Rc8 {[%emt 0:00:40]} 11. Qe2 {[%emt 0:02:55]} O-O {[%emt 0:05:54]} 12. Rad1 {[%emt 0:02:33]} Qc7 {[%emt 0:00:26]} 13. Nxc6 {[%emt 0:19:14]} Bxc6 {[%emt 0:00:50]} 14. g4 {[%emt 0:10:49]} b5 {[%emt 0:01:58]} 15. g5 {[%emt 0:01:00]} Nd7 {[%emt 0:00:06]} 16. a3 {[%emt 0:02:05]} Rfe8 {[%emt 0:02:07]} 17. Qh5 {[%emt 0:03:54]} Bf8 {[%emt 0:05:15]} 18. Bd4 {[%emt 0:03:34]} g6 {[%emt 0:18:48]} 19. Qh4 {[%emt 0:04:52]} e5 {[%emt 0:00:34]} 20. fxe5 {[%emt 0:01:12]} Nxe5 {[%emt 0:00:07]} 21. Rf6 {[%emt 0:06:38]} Bg7 {[%emt 0:02:30]} 22. Bxe5 {[%emt 0:02:27]} Rxe5 {[%emt 0:05:56]} 23. Rfxd6 {[%emt 0:00:03]} Bf8 {[%emt 0:00:36]} 24. R6d3 {[%emt 0:02:50]} Be7 {[%emt 0:00:35]} 25. Rg3 {[%emt 0:00:53]} Bc5+ {[%emt 0:10:24]} 26. Kf1 {[%emt 0:02:14]} Rf8 {[%emt 0:01:07]} 27. Rh3 {[%emt 0:02:11]} f6 {[%emt 0:01:37]} 28. gxf6 {[%emt 0:00:10]} Rh5 {[%emt 0:00:19]} 29. Qg4 {[%emt 0:01:58]} Rxf6+ {[%emt 0:00:10]} 30. Bf3 {[%emt 0:00:17]} Qf4 {[%emt 0:06:09]} 31. Qc8+ {[%emt 0:10:58]} Kg7 {[%emt 0:02:34]} 32. Rd3 {[%emt 0:02:52]} Qc1+ {[%emt 0:10:04]} 33. Ke2 {[%emt 0:01:03]} Rxh3 {[%emt 0:01:09]} 34. Qxh3 {[%emt 0:00:02]} Qxb2 {[%emt 0:00:07]} 35. Kd2 {[%emt 0:02:13]} Bxa3 {[%emt 0:00:44]} 36. Bd1 {[%emt 0:02:09]} Qc1+ {[%emt 0:07:55]} 37. Ke1 {[%emt 0:00:10]} Qg5 {[%emt 0:05:18]} 38. Bf3 {[%emt 0:02:10]} Bb4 {[%emt 0:01:26]} 39. Qc8 {[%emt 0:02:02]} Qc5 {[%emt 0:01:53]} 40. Kd2 {[%emt 0:00:00]} Rf7 {[%emt 0:00:00]} 41. Qxa6 {[%emt 0:02:45]} Rd7 {[%emt 0:06:23]} 42. Qa1 {[%emt 0:01:20]} Ra7 {[%emt 0:00:12]} 43. Qe1 {[%emt 0:00:40]} Ra3 {[%emt 0:00:08]} 0-1

[Event "6th Cattolica Open 2019"]
[Site "Cattolica"]
[Date "2019.06.14"]
[Round "9.6"]
[White "Rychagov, Andrey"]
[Black "Epishin, Vladimir"]
[Result "1-0"]
[WhiteElo "2520"]
[BlackElo "2564"]
[Annotator "ChessBase"]
[PlyCount "107"]
[EventDate "2019.06.08"]
[EventType "swiss"]
[EventCountry "ITA"]
[SourceTitle "playchess.com"]
[Source "ChessBase"]
[SourceQuality "1"]
[TimeControl "40/5400+30:900+30"]

1. d4 {[%emt 0:00:00]} Nf6 {[%emt 0:00:00]} 2. c4 {[%emt 0:00:00]} e6 {[%emt 0:00:41]} 3. Nf3 {[%emt 0:00:40]} b6 {[%emt 0:01:06]} 4. g3 {[%emt 0:00:58]} Ba6 {[%emt 0:04:01]} 5. Qa4 {[%emt 0:04:59]} Bb7 {[%emt 0:03:11]} 6. Bg2 {[%emt 0:00:21]} g6 {[%emt 0:01:45]} 7. Nc3 {[%emt 0:05:12]} Bg7 {[%emt 0:00:19]} 8. O-O {[%emt 0:05:35]} O-O {[%emt 0:05:24]} 9. Qc2 {[%emt 0:10:53]} d6 {[%emt 0:09:09]} 10. e4 {[%emt 0:01:56]} Nbd7 {[%emt 0:00:38]} 11. Rd1 {[%emt 0:04:03]} Qe8 {[%emt 0:10:57]} 12. h3 {[%emt 0:04:24]} Kh8 {[%emt 0:02:01]} 13. e5 {[%emt 0:08:51]} dxe5 {[%emt 0:00:19]} 14. dxe5 {[%emt 0:00:03]} Ng8 {[%emt 0:00:10]} 15. Bf4 {[%emt 0:00:20]} Rd8 {[%emt 0:03:05]} 16. Qe2 {[%emt 0:02:26]} Qe7 {[%emt 0:03:18]} 17. h4 {[%emt 0:05:50]} Bxf3 {[%emt 0:03:50]} 18. Bxf3 {[%emt 0:00:08]} Bh6 {[%emt 0:00:19]} 19. Bxh6 {[%emt 0:07:19]} Nxh6 {[%emt 0:02:21]} 20. Rd2 {[%emt 0:03:05]} Nf5 {[%emt 0:06:28]} 21. Rad1 {[%emt 0:01:08]} a6 {[%emt 0:02:29]} 22. Bc6 {[%emt 0:03:42]} Nb8 {[%emt 0:00:50]} 23. Be4 {[%emt 0:00:16]} Kg7 {[%emt 0:04:49]} 24. a3 {[%emt 0:05:13]} a5 {[%emt 0:03:19]} 25. Nb5 {[%emt 0:01:58]} h5 {[%emt 0:07:25]} 26. Bxf5 {[%emt 0:08:16]} exf5 {[%emt 0:00:23]} 27. Rxd8 {[%emt 0:00:23]} Rxd8 {[%emt 0:00:03]} 28. Rxd8 {[%emt 0:00:06]} Qxd8 {[%emt 0:00:23]} 29. e6 {[%emt 0:00:08]} Nc6 {[%emt 0:07:29]} 30. e7 {[%emt 0:03:38]} Nxe7 {[%emt 0:01:04]} 31. Qe5+ {[%emt 0:00:13]} f6 {[%emt 0:00:36]} 32. Qxc7 {[%emt 0:00:28]} Qxc7 {[%emt 0:01:25]} 33. Nxc7 {[%emt 0:00:03]} g5 {[%emt 0:00:15]} 34. b4 {[%emt 0:02:03]} axb4 {[%emt 0:00:38]} 35. axb4 {[%emt 0:00:03]} f4 {[%emt 0:01:08]} 36. gxf4 {[%emt 0:01:41]} gxh4 {[%emt 0:00:41]} 37. Kg2 {[%emt 0:00:49]} Kg6 {[%emt 0:00:29]} 38. Nd5 {[%emt 0:01:56]} Nc8 {[%emt 0:03:39]} 39. Kh3 {[%emt 0:03:21]} Kf5 {[%emt 0:00:02]} 40. Kxh4 {[%emt 0:00:00]} Ke4 {[%emt 0:00:00]} 41. Kxh5 {[%emt 0:01:23]} b5 {[%emt 0:00:41]} 42. Nc3+ {[%emt 0:02:40]} Kd4 {[%emt 0:00:25]} 43. Nxb5+ {[%emt 0:00:49]} Kxc4 {[%emt 0:00:04]} 44. Nc7 {[%emt 0:01:25]} Kxb4 {[%emt 0:29:41]} 45. Kg6 {[%emt 0:00:11]} Kc5 {[%emt 0:00:00]} 46. Kxf6 {[%emt 0:00:36]} Kd6 {[%emt 0:00:00]} 47. Nb5+ {[%emt 0:01:36]} Kd7 {[%emt 0:00:00]} 48. f5 {[%emt 0:01:19]} Ne7 {[%emt 0:00:00]} 49. Nd4 {[%emt 0:00:46]} Nd5+ {[%emt 0:00:00]} 50. Kg7 {[%emt 0:00:30]} Ke7 {[%emt 0:00:00]} 51. Nc6+ {[%emt 0:00:31]} Kd6 {[%emt 0:00:00]} 52. f6 {[%emt 0:00:35]} Nf4 {[%emt 0:00:00]} 53. f7 {[%emt 0:01:20]} Ne6+ {[%emt 0:00:00]} 54. Kg8 {[%emt 0:01:58]} 1-0

[Event "6th Cattolica Open 2019"]
[Site "Cattolica"]
[Date "2019.06.14"]
[Round "9.7"]
[White "Romanishin, Oleg M"]
[Black "Vovk, Yuri"]
[Result "0-1"]
[WhiteElo "2451"]
[BlackElo "2586"]
[Annotator "ChessBase"]
[PlyCount "126"]
[EventDate "2019.06.08"]
[EventType "swiss"]
[EventCountry "ITA"]
[SourceTitle "playchess.com"]
[Source "ChessBase"]
[SourceQuality "1"]
[TimeControl "40/5400+30:900+30"]

1. d4 {[%emt 0:01:59]} f5 {[%emt 0:00:00]} 2. g3 {[%emt 0:00:42]} Nf6 {[%emt 0:00:00]} 3. Bg2 {[%emt 0:00:06]} g6 {[%emt 0:00:03]} 4. Nf3 {[%emt 0:00:13]} Bg7 {[%emt 0:00:07]} 5. O-O {[%emt 0:00:04]} O-O {[%emt 0:00:04]} 6. b3 {[%emt 0:00:20]} d6 {[%emt 0:00:10]} 7. Bb2 {[%emt 0:00:07]} c6 {[%emt 0:00:10]} 8. c4 {[%emt 0:00:16]} Qc7 {[%emt 0:00:40]} 9. Nbd2 {[%emt 0:10:38]} a5 {[%emt 0:00:08]} 10. Qc2 {[%emt 0:03:34]} Na6 {[%emt 0:00:09]} 11. a3 {[%emt 0:00:39]} Bd7 {[%emt 0:00:06]} 12. Rac1 {[%emt 0:09:06]} Rae8 {[%emt 0:00:08]} 13. c5 {[%emt 0:06:27]} Bh6 {[%emt 0:10:54]} 14. e3 {[%emt 0:08:34]} Be6 {[%emt 0:00:04]} 15. Nc4 {[%emt 0:05:49]} Ne4 {[%emt 0:11:22]} 16. Nfd2 {[%emt 0:02:41]} d5 {[%emt 0:05:00]} 17. Ne5 {[%emt 0:02:08]} Bg7 {[%emt 0:02:14]} 18. Nd3 {[%emt 0:00:44]} g5 {[%emt 0:05:08]} 19. f3 {[%emt 0:00:47]} Nf6 {[%emt 0:02:34]} 20. f4 {[%emt 0:02:43]} g4 {[%emt 0:02:29]} 21. Ne5 {[%emt 0:01:04]} Nd7 {[%emt 0:01:03]} 22. Nd3 {[%emt 0:00:40]} h5 {[%emt 0:01:18]} 23. h4 {[%emt 0:02:33]} gxh3 {[%emt 0:00:56]} 24. Bxh3 {[%emt 0:00:25]} Nf6 {[%emt 0:01:00]} 25. Ne5 {[%emt 0:04:09]} Ng4 {[%emt 0:00:16]} 26. Bxg4 {[%emt 0:06:41]} hxg4 {[%emt 0:01:03]} 27. Kg2 {[%emt 0:00:58]} Bxe5 {[%emt 0:02:55]} 28. fxe5 {[%emt 0:03:40]} Kg7 {[%emt 0:00:30]} 29. Nb1 {[%emt 0:03:28]} Qd7 {[%emt 0:12:56]} 30. Nc3 {[%emt 0:05:43]} f4 {[%emt 0:00:21]} 31. exf4 {[%emt 0:04:53]} Bf5 {[%emt 0:00:12]} 32. Qe2 {[%emt 0:00:05]} Qe6 {[%emt 0:03:34]} 33. Rh1 {[%emt 0:00:16]} Rh8 {[%emt 0:08:28]} 34. Rxh8 {[%emt 0:02:10]} Rxh8 {[%emt 0:00:02]} 35. Rh1 {[%emt 0:00:09]} Rxh1 {[%emt 0:03:35]} 36. Kxh1 {[%emt 0:00:03]} Nc7 {[%emt 0:10:14]} 37. Kg1 {[%emt 0:01:04]} Qg6 {[%emt 0:00:07]} 38. Nd1 {[%emt 0:00:54]} Ne6 {[%emt 0:10:03]} 39. Ne3 {[%emt 0:03:55]} Kf7 {[%emt 0:00:05]} 40. Bc3 {[%emt 0:00:00]} Ke8 {[%emt 0:00:00]} 41. a4 {[%emt 0:08:29]} Kd7 {[%emt 0:11:03]} 42. Qf2 {[%emt 0:01:02]} Ke8 {[%emt 0:03:01]} 43. Qe2 {[%emt 0:02:03]} Kf7 {[%emt 0:02:04]} 44. Qf2 {[%emt 0:00:40]} Kg8 {[%emt 0:00:28]} 45. Qe2 {[%emt 0:00:52]} Kf8 {[%emt 0:01:08]} 46. Qf2 {[%emt 0:01:04]} Kf7 {[%emt 0:00:16]} 47. Qe2 {[%emt 0:01:58]} Kg8 {[%emt 0:00:21]} 48. Qf2 {[%emt 0:00:14]} Be4 {[%emt 0:01:01]} 49. Qe2 {[%emt 0:06:50]} Bf3 {[%emt 0:03:22]} 50. Qc2 {[%emt 0:00:09]} Qg7 {[%emt 0:02:03]} 51. Qf5 {[%emt 0:01:08]} Qh6 {[%emt 0:00:06]} 52. Ng2 {[%emt 0:01:12]} Ng7 {[%emt 0:03:31]} 53. Qc8+ {[%emt 0:00:11]} Kf7 {[%emt 0:00:10]} 54. Nh4 {[%emt 0:00:30]} Ne6 {[%emt 0:00:07]} 55. Kf2 {[%emt 0:03:31]} Be4 {[%emt 0:00:06]} 56. f5 {[%emt 0:00:43]} Bxf5 {[%emt 0:00:28]} 57. Nxf5 {[%emt 0:00:07]} Qh2+ {[%emt 0:00:02]} 58. Ke1 {[%emt 0:01:47]} Qg1+ {[%emt 0:00:07]} 59. Kd2 {[%emt 0:00:48]} Qf2+ {[%emt 0:00:05]} 60. Kc1 {[%emt 0:00:28]} Qxf5 {[%emt 0:00:10]} 61. Qxb7 {[%emt 0:00:28]} Qd3 {[%emt 0:01:51]} 62. Bb2 {[%emt 0:00:34]} Qxg3 {[%emt 0:00:21]} 63. Qxc6 {[%emt 0:00:26]} Qf3 {[%emt 0:01:56]} 0-1

[Event "6th Cattolica Open 2019"]
[Site "Cattolica"]
[Date "2019.06.14"]
[Round "9.8"]
[White "Soto, Miguel Angel"]
[Black "Sonis, Francesco"]
[Result "1-0"]
[WhiteElo "2217"]
[BlackElo "2494"]
[Annotator "ChessBase"]
[PlyCount "95"]
[EventDate "2019.06.08"]
[EventType "swiss"]
[EventCountry "ITA"]
[SourceTitle "playchess.com"]
[Source "ChessBase"]
[SourceQuality "1"]
[TimeControl "40/5400+30:900+30"]

1. e4 {[%emt 0:10:05]} e5 {[%emt 0:00:00]} 2. Nf3 {[%emt 0:00:08]} Nc6 {[%emt 0:00:00]} 3. Bb5 {[%emt 0:01:21]} a6 {[%emt 0:00:00]} 4. Ba4 {[%emt 0:00:49]} Nf6 {[%emt 0:00:14]} 5. d3 {[%emt 0:00:38]} d6 {[%emt 0:00:17]} 6. c3 {[%emt 0:01:26]} h6 {[%emt 0:00:32]} 7. O-O {[%emt 0:01:54]} g5 {[%emt 0:00:05]} 8. Re1 {[%emt 0:05:56]} Bg7 {[%emt 0:02:42]} 9. d4 {[%emt 0:06:13]} Bd7 {[%emt 0:04:29]} 10. d5 {[%emt 0:09:41]} Ne7 {[%emt 0:00:04]} 11. Bxd7+ {[%emt 0:00:50]} Qxd7 {[%emt 0:00:05]} 12. Nbd2 {[%emt 0:03:28]} Ng6 {[%emt 0:04:07]} 13. Nf1 {[%emt 0:00:59]} g4 {[%emt 0:00:59]} 14. N3d2 {[%emt 0:00:29]} h5 {[%emt 0:00:04]} 15. Ng3 {[%emt 0:02:19]} Bh6 {[%emt 0:00:29]} 16. Ndf1 {[%emt 0:02:39]} Bf4 {[%emt 0:02:27]} 17. Qc2 {[%emt 0:02:32]} Ne7 {[%emt 0:07:25]} 18. c4 {[%emt 0:04:35]} O-O-O {[%emt 0:05:47]} 19. b4 {[%emt 0:01:28]} Kb8 {[%emt 0:01:00]} 20. a4 {[%emt 0:00:52]} h4 {[%emt 0:05:04]} 21. Ne2 {[%emt 0:01:03]} Ng6 {[%emt 0:04:10]} 22. g3 {[%emt 0:08:44]} Bxc1 {[%emt 0:00:35]} 23. Rexc1 {[%emt 0:00:18]} Nh7 {[%emt 0:08:23]} 24. a5 {[%emt 0:04:06]} Ng5 {[%emt 0:04:25]} 25. b5 {[%emt 0:01:58]} Qe7 {[%emt 0:08:27]} 26. Kg2 {[%emt 0:11:41]} Qf6 {[%emt 0:06:19]} 27. Ng1 {[%emt 0:01:36]} Nf3 {[%emt 0:11:52]} 28. bxa6 {[%emt 0:04:43]} bxa6 {[%emt 0:01:24]} 29. Qb3+ {[%emt 0:03:59]} Ka7 {[%emt 0:01:57]} 30. Nxf3 {[%emt 0:03:26]} gxf3+ {[%emt 0:00:06]} 31. Kh1 {[%emt 0:00:41]} hxg3 {[%emt 0:02:16]} 32. fxg3 {[%emt 0:01:05]} Rb8 {[%emt 0:00:11]} 33. Qe3+ {[%emt 0:00:28]} Ka8 {[%emt 0:00:03]} 34. c5 {[%emt 0:01:42]} Ne7 {[%emt 0:00:55]} 35. Rc3 {[%emt 0:02:01]} Rb2 {[%emt 0:00:49]} 36. cxd6 {[%emt 0:01:01]} Qxd6 {[%emt 0:00:03]} 37. Rac1 {[%emt 0:00:19]} Rb7 {[%emt 0:02:57]} 38. Qxf3 {[%emt 0:00:57]} f6 {[%emt 0:02:40]} 39. R3c2 {[%emt 0:00:41]} Rc8 {[%emt 0:00:46]} 40. Ne3 {[%emt 0:00:00]} Rb3 {[%emt 0:00:00]} 41. Qe2 {[%emt 0:02:27]} Ka7 {[%emt 0:01:36]} 42. Qf2 {[%emt 0:01:52]} Qb4 {[%emt 0:01:16]} 43. Nc4+ {[%emt 0:02:54]} Kb8 {[%emt 0:00:18]} 44. Qxf6 {[%emt 0:01:01]} Rg8 {[%emt 0:00:11]} 45. Qxe5 {[%emt 0:02:15]} Nc8 {[%emt 0:00:10]} 46. Nd2 {[%emt 0:02:16]} Nd6 {[%emt 0:00:12]} 47. Nxb3 {[%emt 0:00:42]} Re8 {[%emt 0:00:05]} 48. Qd4 {[%emt 0:00:36]} 1-0

[Event "6th Cattolica Open 2019"]
[Site "Cattolica"]
[Date "2019.06.14"]
[Round "9.9"]
[White "Ankit, R. Rajpara"]
[Black "Mooser, Stefan"]
[Result "1/2-1/2"]
[WhiteElo "2447"]
[BlackElo "2215"]
[Annotator "NA"]
[PlyCount "80"]
[EventDate "2019.06.08"]
[EventType "swiss"]
[EventCountry "ITA"]
[SourceTitle "playchess.com"]
[Source "ChessBase"]
[SourceQuality "1"]
[TimeControl "40/5400+30:900+30"]

1. d4 {[%emt 0:00:22]} d5 {[%emt 0:06:04]} 2. c4 {[%emt 0:00:05]} c6 {[%emt 0:00:08]} 3. Nf3 {[%emt 0:00:14]} Nf6 {[%emt 0:00:35]} 4. e3 {[%emt 0:00:26]} e6 {[%emt 0:00:08]} 5. b3 {[%emt 0:00:33]} Nbd7 {[%emt 0:00:23]} 6. Bd3 {[%emt 0:01:15]} Bd6 {[%emt 0:00:07]} 7. Bb2 {[%emt 0:00:30]} O-O {[%emt 0:00:07]} 8. O-O {[%emt 0:00:13]} b6 {[%emt 0:00:04]} 9. Nc3 {[%emt 0:01:16]} Bb7 {[%emt 0:00:27]} 10. Qc2 {[%emt 0:00:20]} Qe7 {[%emt 0:01:03]} 11. Rfe1 {[%emt 0:00:21]} e5 {[%emt 0:08:23]} 12. e4 {[%emt 0:08:04]} dxc4 {[%emt 0:04:08]} 13. Bxc4 {[%emt 0:01:50]} b5 {[%emt 0:03:49]} 14. Bf1 {[%emt 0:14:18]} a6 {[%emt 0:02:56]} 15. g3 {[%emt 0:11:50]} g6 {[%emt 0:04:47]} 16. Bg2 {[%emt 0:00:43]} Rfe8 {[%emt 0:06:30]} 17. a3 {[%emt 0:12:54]} exd4 {[%emt 0:16:00]} 18. Nxd4 {[%emt 0:00:10]} c5 {[%emt 0:00:26]} 19. Nf3 {[%emt 0:05:28]} Ne5 {[%emt 0:06:44]} 20. Nxe5 {[%emt 0:13:26]} Bxe5 {[%emt 0:00:07]} 21. Nd5 {[%emt 0:00:17]} Bxd5 {[%emt 0:05:21]} 22. exd5 {[%emt 0:00:14]} Qd6 {[%emt 0:00:25]} 23. Rxe5 {[%emt 0:09:06]} Rxe5 {[%emt 0:00:05]} 24. Bxe5 {[%emt 0:00:14]} Qxe5 {[%emt 0:00:05]} 25. Rc1 {[%emt 0:00:25]} Rc8 {[%emt 0:01:10]} 26. Qd2 {[%emt 0:01:14]} Qd6 {[%emt 0:01:45]} 27. a4 {[%emt 0:00:40]} Kg7 {[%emt 0:03:58]} 28. axb5 {[%emt 0:05:23]} axb5 {[%emt 0:00:02]} 29. Qa5 {[%emt 0:01:12]} b4 {[%emt 0:02:08]} 30. Qb5 {[%emt 0:00:56]} Rc7 {[%emt 0:03:36]} 31. Qc4 {[%emt 0:02:53]} Qe5 {[%emt 0:03:03]} 32. Kf1 {[%emt 0:03:01]} h5 {[%emt 0:00:18]} 33. Re1 {[%emt 0:00:43]} Qd6 {[%emt 0:00:06]} 34. h3 {[%emt 0:02:34]} Re7 {[%emt 0:00:13]} 35. Rc1 {[%emt 0:00:50]} Rc7 {[%emt 0:00:53]} 36. Ra1 {[%emt 0:01:05]} Qe5 {[%emt 0:01:29]} 37. Re1 {[%emt 0:00:03]} Qd6 {[%emt 0:00:05]} 38. Rc1 {[%emt 0:01:04]} Qe5 {[%emt 0:00:32]} 39. Re1 {[%emt 0:01:06]} Qd6 {[%emt 0:00:03]} 40. Rc1 {[%emt 0:00:00]} Qe5 {[%emt 0:00:00]} 1/2-1/2